00417nam a22001577a 450000500170000001000150001702000260003203500140005803700130007208200100008510000140009524500550010926000380016427000370020230000200023920230921141907.0 aENG-135388 a9789382367288c675.00 aEN-118920 bDBAD/PUB a230.8 aJha, Amol aIndian Temples Mythological Elements/cBy Amol Jha aAllahabadbRini Publicationc2016 a59, PandaribabAllahabade211003 a224p.c22cm(hb)